000 00800 a2200205 4500
999 _c2796
_d2796
020 _a9781861347893 (cased)
050 0 0 _aHQ 613 CHA 2008
100 1 _aCharles, Nickie.
_eauthor
245 1 0 _aFamilies in transition :
_bsocial change, family formation, and kin relationships /
_cNickie Charles, Charlotte Aull Davies, and Chris Harris.
264 _aBristol:
_bPolicy press,
_c2008
300 _axv, 265 p.
500 _aincludes index
504 _aIncludes bibliographical references
650 0 _aFamilies
_xHistory
700 1 _aDavies, Charlotte Aull.
_eauthor
700 1 _aChris Harris
_eauthor
856 4 1 _3Table of contents only
_uhttp://www.loc.gov/catdir/toc/fy1001/2008278125.html
942 _2lcc
_cBK
_h613
_iCHA
_kHQ